000 00430nam a22001457a 4500
008 140206b xxu||||| |||| 00| 0 eng d
020 _a978-0-87220-620-5
050 _aB3958.S5 2002
100 _aShirley, Samuel
_98457
245 _aSpinoza
_bcomplete works
_cSamuel Shirley
260 _aCambridge
_bHackett Publishing Company
_c2002
300 _axxiii, 966p. ;
_c25cm.
650 _aPhilosophy
_98458
942 _2lcc
_cMONOGRAPH
999 _c119995
_d119995